00886nam a22002417a 450000500170000001000130001702000220003003500130005203700160006504000120008108200190009310000290011224500850014126000470022627000430027330000250031650000330034165000470037465000350042194200280045699900190048495201410050320170124110039.0 aA-843629 c00.00a0195104498 aA-843629 bCen Lib/Ret aDPLbEN a808.06665bBAI aBaily, Edward P.9102313 aPlain english ata work :cby Edward P. Baily ba guide to writing and speaking / aNew York bOxford Universityb Press c1996 bNew York a198, madison avenue e10016 axiv, 286p.c21cm(Hb) aIncludes appendix and index  aEnglish languagexBusiness English9102314 aBusiness presentations9102315 2ddccENh808.06665mBAI c128434d128434 00104070aLbLd2015-07-02eCen Lib/Retg0.00l1m2o808.06665 BAIpA-843629r2022-01-17 00:00:00s2021-12-06t1v0.00w2015-07-02yEN